| 000 | 00656nam a2200229Ia 4500 | ||
|---|---|---|---|
| 003 | OSt | ||
| 005 | 20220926044430.0 | ||
| 006 | a|||||r|||| 00| 0 | ||
| 007 | ta | ||
| 008 | 220923b |||||||| |||| 00| 0 eng d | ||
| 037 | _cGeneral Book | ||
| 040 |
_aRTL _cRTL _beng |
||
| 041 |
_2eng _aeng |
||
| 082 | _aV44Q7aN5, J6 | ||
| 100 |
_aWilson Patrick Ed. _9349030 |
||
| 245 | 0 | _aGovernment and politics of India and Pakistan, 188 | |
| 260 | _c1956 | ||
| 490 | _aModern India Project Bibliographical Study; 2 | ||
| 650 |
_aPakistan History _928228 |
||
| 942 |
_hV44Q7aN5, J6 _cGB _2CC |
||
| 999 |
_c674873 _d674873 |
||